Elements of English law

Bibliographic Details
Main Author: Geldart, William
Other Authors: Yardley, D. C. M.
Format: Book
Published: London : Oxford University Press , 1966
Edition:7th edition
Subjects:

MARC

LEADER 00000cam a2200000 7i4500
001 0000008745
005 20150903.0
040 |a INS 
090 0 0 |a KD661   |b G4 1966 
100 0 |a Geldart, William 
245 0 0 |a Elements of English law   |c by William Geldart, prepared by D. C. M. Yardley 
250 |a 7th edition 
260 |a London :   |b Oxford University Press ,   |c 1966 
300 |a 182p. ;   |c 20 cm. 
650 0 |a Law   |z Great Britain   |v Outlines, syilabi, etc. 
700 1 |a Yardley, D. C. M. 
999 |a 0000022564   |b BOOK   |c Open Shelf   |e Default branch